Kadra reprezentacji Czech na Euro 2024 - Statystyki

Ogólne statystyki
  • Ten quiz został rozwiązany 190 razy
  • Średni wynik to 6 z 26
Statystyki odpowiedzi
Zawodnik Pozycja Klub % Poprawnych
Patrik Schick Napastnik Bayer Leverkusen
85%
Tomáš Souček Pomocnik Wet Ham United
77%
Vladimír Coufal Obrońca West Ham United
62%
Adam Hložek Napastnik Bayer Leverkusen
51%
Matěj Kovář Bramkarz Bayer Leverkusen
39%
Antonín Barák Pomocnik Fiorentina
31%
Jindřich Staněk Bramkarz Slavia Praga
31%
Ladislav Krejčí Obrońca Sparta Praga
27%
Václav Černý Pomocnik VfL Wolfsburg
21%
Jan Kuchta Napastnik Sparta Praga
20%
Tomáš Chorý Napastnik Viktoria Pilzno
18%
David Zima Obrońca Slavia Praga
17%
David Jurásek Obrońca Hoffenheim
16%
Matěj Jurásek Pomocnik Slavia Praga
16%
Michal Sadílek Pomocnik Twente
15%
Lukáš Provod Pomocnik Slavia Praga
14%
Tomáš Holeš Obrońca Slavia Praga
13%
David Douděra Obrońca Slavia Praga
10%
Pavel Šulc Pomocnik Viktoria Pilzno
10%
Robin Hranáč Obrońca Viktoria Pilzno
10%
Vítězslav Jaroš Bramkarz Sturm Graz
10%
Lukáš Červ Pomocnik Viktoria Pilzno
8%
Martin Vitík Obrońca Sparta Praga
7%
Ondřej Lingr Pomocnik Feyenoord
7%
Mojmír Chytil Napastnik Slavia Praga
6%
Tomáš Vlček Obrońca Slavia Praga
1%
Nie znaleziono quizów pasujących do podanych kryteriów
Rozkład punktacji
Procent ludzi z każdym wynikiem
Percentyl według liczby udzielonych odpowiedzi
Twoja historia wyników
Nie rozwiązałeś tego quizu